[Event "GER-ch U16"]
[Site "Willingen"]
[Date "2019.06.09"]
[Round "2"]
[White "Richter, Nils"]
[Black "Buller, Ian Joshua"]
[Result "1-0"]
[WhiteElo "2121"]
[BlackElo "1904"]
[PlyCount "103"]
[EventDate "2019.06.08"]
[EventType "swiss"]
[EventRounds "9"]
[EventCountry "GER"]
[SourceTitle "CBM 191 Extra"]
[Source "ChessBase"]
[SourceDate "2019.09.30"]
[SourceVersion "1"]
[SourceVersionDate "2019.09.30"]
[SourceQuality "1"]

1. e4 c5 2. Nf3 d6 3. d4 cxd4 4. Nxd4 Nf6 5. Nc3 a6 6. Rg1 b5 7. g4 Bb7 8. Bg2 Qc7 9. Be3 Nc6 10. g5 Nd7 11. Nd5 Qc8 12. Bh3 Nxd4 13. Qxd4 e6 14. Nc3 Ne5 15. Rg3 Qc4 16. f4 Qxd4 17. Bxd4 Nc6 18. Bf2 Be7 19. 0-0-0 b4 20. Na4 h6 21. g6 0-0 22. Nb6 Rad8 23. Nc4 e5 24. gxf7+ Kxf7 25. Rf3 Kg8 26. Be6+ Kh8 27. f5 Bg5+ 28. Kb1 Ne7 29. Nxd6 Rxd6 30. Rxd6 Bxe4 31. Rb3 Nxf5 32. Rd1 a5 33. a3 Be7 34. Bd5 a4 35. Bxe4 axb3 36. a4 bxc2+ 37. Bxc2 Nd6 38. Bc5 Nc8 39. Rd5 Bxc5 40. Rxc5 Re8 41. Bg6 Rd8 42. Rxe5 b3 43. Kc1 Nb6 44. Re8+ Rxe8 45. Bxe8 Nc4 46. Bb5 Na5 47. Kd2 Kg8 48. Kc3 Kf8 49. Kb4 Nb7 50. a5 Nd6 51. Bd7 Ke7 52. a6 1-0

[Event "GER-ch U25-A"]
[Site "Willingen"]
[Date "2018.05.23"]
[Round "5"]
[White "Stelmaszyk, Nico"]
[Black "Buller, Ian Joshua"]
[Result "1/2-1/2"]
[WhiteElo "2014"]
[BlackElo "1874"]
[PlyCount "81"]
[EventDate "2018.05.19"]
[EventType "swiss"]
[EventRounds "9"]
[EventCountry "GER"]
[SourceTitle "CBM 184 Extra"]
[Source "ChessBase"]
[SourceDate "2018.06.28"]
[SourceVersion "1"]
[SourceVersionDate "2018.06.28"]
[SourceQuality "1"]

1. e4 c5 2. Nf3 d6 3. c3 Nf6 4. Be2 Bd7 5. d3 Nc6 6. 0-0 g6 7. Re1 Bg7 8. h3 0-0 9. Bf1 e6 10. Be3 b6 11. Qd2 Qc7 12. Bh6 Rfe8 13. d4 e5 14. d5 Nb8 15. Na3 a6 16. Nh4 Bc8 17. Bxg7 Kxg7 18. Nf5+ Bxf5 19. exf5 Nbd7 20. fxg6 hxg6 21. Re3 b5 22. c4 b4 23. Nb1 a5 24. a4 Rh8 25. Qc2 Nh5 26. Nd2 Ndf6 27. g3 Nh7 28. Rae1 N5f6 29. f4 exf4 30. Re7 Qd8 31. gxf4 Re8 32. Rxe8 Nxe8 33. Nf3 Qd7 34. Kh2 Nef6 35. Bd3 Re8 36. Rg1 Kh8 37. f5 gxf5 38. Bxf5 Qe7 39. Re1 Qf8 40. Rxe8 Qxe8 41. Bxh7 1/2-1/2

[Event "GER-ch U25-A"]
[Site "Willingen"]
[Date "2018.05.20"]
[Round "2"]
[White "Buller, Ian Joshua"]
[Black "Foerster, Erik"]
[Result "0-1"]
[WhiteElo "1874"]
[BlackElo "2041"]
[PlyCount "104"]
[EventDate "2018.05.19"]
[EventType "swiss"]
[EventRounds "9"]
[EventCountry "GER"]
[SourceTitle "CBM 184 Extra"]
[Source "ChessBase"]
[SourceDate "2018.06.28"]
[SourceVersion "1"]
[SourceVersionDate "2018.06.28"]
[SourceQuality "1"]

1. e4 e6 2. d4 d5 3. Nd2 c5 4. exd5 Qxd5 5. Ngf3 cxd4 6. Bc4 Qd6 7. 0-0 Nf6 8. Nb3 Nc6 9. Nbxd4 Nxd4 10. Nxd4 a6 11. Re1 Qc7 12. Qe2 Bc5 13. c3 b5 14. Bb3 0-0 15. Bg5 Bb7 16. Bxf6 gxf6 17. Qh5 Bxd4 18. Qg4+ Kh8 19. Qxd4 e5 20. Qh4 Qc6 21. f3 Rg8 22. Qe4 Qc8 23. Qe2 Qh3 24. Rf1 Rxg2+ 25. Qxg2 Rg8 26. Qxg8+ Kxg8 27. Bd1 e4 28. Rf2 e3 29. Rg2+ Kf8 30. Rg3 Qd7 31. Rg2 Qh3 32. Rg3 Qf5 33. Rc1 Qd3 34. Rg2 e2 35. Rxe2 Bxf3 36. Kf2 Bxe2 37. Bxe2 Qd2 38. Rb1 Qc2 39. Rd1 Qxb2 40. Rd6 Qxa2 41. Rxf6 Ke7 42. Rb6 Qa3 43. Rb7+ Kf6 44. Rb6+ Ke5 45. Rc6 f5 46. Rc8 Kf4 47. Rc6 Qa1 48. Rc7 Qc1 49. Rxh7 Qe3+ 50. Kf1 Qxc3 51. Ra7 a5 52. Bxb5 Qc1+ 0-1

[Event "GER-ch U14"]
[Site "Willingen"]
[Date "2017.06.08"]
[Round "7"]
[White "Popist, Florian"]
[Black "Buller, Ian Joshua"]
[Result "1/2-1/2"]
[WhiteElo "1792"]
[BlackElo "1677"]
[PlyCount "62"]
[EventDate "2017.06.04"]
[EventType "swiss"]
[EventRounds "9"]
[EventCountry "GER"]
[SourceTitle "CBM 178 Extra"]
[Source "ChessBase"]
[SourceDate "2017.06.22"]
[SourceVersion "1"]
[SourceVersionDate "2017.06.22"]
[SourceQuality "1"]

1. e4 c5 2. Nf3 d6 3. d4 cxd4 4. Nxd4 Nf6 5. Nc3 a6 6. Be3 e6 7. f3 b5 8. Qd2 Nbd7 9. g4 b4 10. Nce2 h6 11. Ng3 d5 12. 0-0-0 Bb7 13. Bd3 Qc7 14. h4 Nc5 15. e5 Nxd3+ 16. Qxd3 Qxe5 17. f4 Qc7 18. g5 Nd7 19. g6 Nc5 20. Qe2 0-0-0 21. gxf7 Qxf7 22. Nf3 Qc7 23. Bxc5 Qxf4+ 24. Qe3 Qxg3 25. Qxe6+ Kb8 26. Bxf8 Rhxf8 27. Nd4 Qd6 28. Rhg1 Rg8 29. Qxd6+ Rxd6 30. Nf5 Rdd8 31. Rd4 a5 1/2-1/2

[Event "GER-ch U12"]
[Site "Willingen"]
[Date "2015.05.27"]
[Round "7"]
[White "Buller, Ian Joshua"]
[Black "Bardorz, Jana"]
[Result "1-0"]
[WhiteElo "1491"]
[BlackElo "1263"]
[PlyCount "103"]
[EventDate "2015.05.24"]
[EventType "swiss"]
[EventRounds "11"]
[EventCountry "GER"]
[SourceTitle "CBM 166 Extra"]
[Source "ChessBase"]
[SourceDate "2015.06.18"]
[SourceVersion "1"]
[SourceVersionDate "2015.06.18"]
[SourceQuality "1"]

1. e4 e5 2. Nf3 Nc6 3. d4 exd4 4. Nxd4 Bc5 5. Be3 Qf6 6. c3 Nge7 7. Qd2 h6 8. Nb5 Bxe3 9. Qxe3 Kd8 10. Nd2 a6 11. Nd4 d6 12. N2f3 Bd7 13. 0-0-0 d5 14. exd5 Nxd5 15. Qd2 Kc8 16. Bc4 Nb6 17. Bb3 Rd8 18. Rhe1 Nxd4 19. Nxd4 c5 20. Nf3 c4 21. Bc2 Be6 22. Qe3 Rxd1+ 23. Rxd1 Nd7 24. Be4 Rb8 25. Nd4 b5 26. Nc6 Rb6 27. Na7+ Kc7 28. Qg3+ Ne5 29. f4 Nc6 30. Nxc6 Rxc6 31. f5+ Kb6 32. Bxc6 Bxf5 33. Rd6 Qe7 34. Be4+ Kc5 35. Bxf5 Qxd6 36. Qxd6+ Kxd6 37. Kd2 a5 38. Bc8 b4 39. Ba6 Kd5 40. a3 b3 41. Ke3 g5 42. Kf3 f5 43. g3 h5 44. h3 a4 45. Bb5 Kc5 46. Bxa4 Kb6 47. Bd7 f4 48. gxf4 gxf4 49. Kxf4 Kc7 50. Be6 Kd6 51. Bxc4 Kc5 52. Bxb3 1-0

[Event "GER-ch U12"]
[Site "Willingen"]
[Date "2015.05.24"]
[Round "1"]
[White "Buller, Ian Joshua"]
[Black "Suvorov, Alexander"]
[Result "0-1"]
[WhiteElo "1491"]
[BlackElo "1941"]
[PlyCount "73"]
[EventDate "2015.05.24"]
[EventType "swiss"]
[EventRounds "11"]
[EventCountry "GER"]
[SourceTitle "CBM 166 Extra"]
[Source "ChessBase"]
[SourceDate "2015.06.18"]
[SourceVersion "1"]
[SourceVersionDate "2015.06.18"]
[SourceQuality "1"]

1. e4 c5 2. Nf3 Nc6 3. d4 cxd4 4. Nxd4 e5 5. Nf3 Nf6 6. Nc3 Bb4 7. Bd3 d5 8. exd5 Nxd5 9. Bd2 Nxc3 10. Bxc3 Bxc3+ 11. bxc3 Be6 12. 0-0 0-0 13. Re1 f6 14. Qe2 Rc8 15. Red1 Qe7 16. c4 Qf7 17. Rab1 b6 18. Rd2 Na5 19. Qe4 g6 20. Nh4 Nxc4 21. Re2 f5 22. Qf3 e4 23. Qf4 exd3 24. cxd3 Na5 25. a3 Bd5 26. Re3 Rfe8 27. Rg3 Rf8 28. h3 Nb7 29. Re1 Rc5 30. Re5 Be6 31. Ree3 Nd8 32. Nf3 Qf6 33. Ng5 Bd5 34. h4 Ne6 35. Nxe6 Bxe6 36. h5 Bf7 37. hxg6 0-1

[Event "GER-ch U12"]
[Site "Willingen"]
[Date "2015.05.24"]
[Round "2"]
[White "Glinzner, Alva"]
[Black "Buller, Ian Joshua"]
[Result "0-1"]
[WhiteElo "1257"]
[BlackElo "1491"]
[PlyCount "120"]
[EventDate "2015.05.24"]
[EventType "swiss"]
[EventRounds "11"]
[EventCountry "GER"]
[SourceTitle "CBM 166 Extra"]
[Source "ChessBase"]
[SourceDate "2015.06.18"]
[SourceVersion "1"]
[SourceVersionDate "2015.06.18"]
[SourceQuality "1"]

1. e4 c5 2. Bc4 e6 3. Nf3 Nc6 4. Nc3 a6 5. 0-0 Nf6 6. Re1 b5 7. Be2 Bb7 8. d3 h6 9. Bf1 Be7 10. e5 Nh7 11. Be3 Qc7 12. Bf4 Nf8 13. Bg3 Ng6 14. Ne4 Ngxe5 15. Nxe5 Nxe5 16. Nxc5 Bxc5 17. Rxe5 Qb6 18. Qd2 Bd4 19. Re2 Bxb2 20. Rd1 Bf6 21. d4 0-0 22. Be5 Bg5 23. Qd3 d6 24. Bg3 Bd5 25. Qa3 b4 26. Qa4 Rac8 27. Rb1 a5 28. h4 Bf6 29. Rd2 Bxd4 30. Bxd6 Bc3 31. Rxd5 exd5 32. Bxf8 Rxf8 33. Qb3 Qc6 34. Bd3 a4 35. Bb5 axb3 36. Bxc6 bxa2 37. Rd1 a1Q 38. Rxa1 Bxa1 39. Bxd5 Rc8 40. Bb3 Kf8 41. Kf1 Ke7 42. Ke2 Kd6 43. Kd2 f6 44. f3 Bb2 45. g4 Ke5 46. Ke3 Rc3+ 47. Kf2 Kf4 48. Ke2 Rxf3 49. Bd5 Rc3 50. Kd2 Kxg4 51. Be4 Kxh4 52. Bd3 g5 53. Ke2 Kg3 54. Kf1 Kh2 55. Kf2 g4 56. Be4 g3+ 57. Kf1 f5 58. Bg2 Rxc2 59. Ba8 Bc3 60. Be4 Rf2# 0-1

[Event "GER-chT North U12"]
[Site "Magdeburg"]
[Date "2014.09.14"]
[Round "7.1"]
[White "Buller, Ian Joshua"]
[Black "Langer, Robert"]
[Result "1-0"]
[WhiteElo "1330"]
[BlackElo "1225"]
[PlyCount "89"]
[EventDate "2014.09.11"]
[EventType "team-swiss"]
[EventRounds "7"]
[EventCountry "GER"]
[SourceTitle "EXT 2016"]
[Source "ChessBase"]
[SourceDate "2015.10.08"]
[SourceVersion "1"]
[SourceVersionDate "2015.10.08"]
[SourceQuality "1"]
[WhiteTeam "Ruedersdorf"]
[BlackTeam "Rostock Makkabi"]
[WhiteTeamCountry "GER"]
[BlackTeamCountry "GER"]

1. e4 c5 2. Nf3 d6 3. d4 cxd4 4. Nxd4 Nf6 5. Nc3 g6 6. Be2 Bg7 7. Be3 0-0 8. Qd2 Nc6 9. Nxc6 bxc6 10. 0-0-0 d5 11. exd5 Nxd5 12. Nxd5 cxd5 13. h4 Rb8 14. b3 Qc7 15. Bd4 e5 16. Bb2 Bf5 17. Bd3 e4 18. Be2 Bxb2+ 19. Kxb2 Qe5+ 20. Qd4 Qf4 21. Qe3 Qe5+ 22. Qd4 Qxd4+ 23. Rxd4 Be6 24. f3 f5 25. h5 g5 26. h6 Rf6 27. Rh5 Rg6 28. Ra4 Ra8 29. Kc3 Bf7 30. Kd4 Re6 31. Rxg5+ Kf8 32. Rxf5 Rxh6 33. fxe4 Rh2 34. Bf3 Rh1 35. exd5 Rc1 36. Bh5 Rxc2 37. Rxf7+ Kg8 38. Raxa7 Rd8 39. Rg7+ Kh8 40. Rxh7+ Kg8 41. Bg4 Rd2+ 42. Kc3 Rxg2 43. Be6+ Kf8 44. Rh8+ Rg8 45. Rxg8# 1-0

[Event "GER-chT North U12"]
[Site "Magdeburg"]
[Date "2014.09.13"]
[Round "5.1"]
[White "Buller, Ian Joshua"]
[Black "Bosselmann, Tom Linus"]
[Result "0-1"]
[WhiteElo "1330"]
[BlackElo "1605"]
[PlyCount "142"]
[EventDate "2014.09.11"]
[EventType "team-swiss"]
[EventRounds "7"]
[EventCountry "GER"]
[SourceTitle "EXT 2016"]
[Source "ChessBase"]
[SourceDate "2015.10.08"]
[SourceVersion "1"]
[SourceVersionDate "2015.10.08"]
[SourceQuality "1"]
[WhiteTeam "Ruedersdorf"]
[BlackTeam "Luebeck"]
[WhiteTeamCountry "GER"]
[BlackTeamCountry "GER"]

1. e4 c5 2. Nf3 e6 3. d4 cxd4 4. Nxd4 a6 5. Nc3 Qc7 6. Be3 Nf6 7. Be2 Bb4 8. Qd3 Bxc3+ 9. bxc3 Nxe4 10. c4 Qa5+ 11. Kf1 Qc3 12. Rb1 Qxd3 13. cxd3 Nc3 14. Rb2 Nxe2 15. Kxe2 Nc6 16. Nf3 d6 17. Rd1 Rb8 18. Rdb1 0-0 19. Nd2 Re8 20. Ne4 Rd8 21. Rb6 Ra8 22. Bf4 e5 23. Bg3 h6 24. h3 f5 25. Nc3 Nd4+ 26. Kd2 Nc6 27. Nd5 Rd7 28. f4 a5 29. fxe5 dxe5 30. Bf2 Nb4 31. Nxb4 axb4 32. R6xb4 Rxa2+ 33. R1b2 Rxb2+ 34. Rxb2 f4 35. Ke2 Re7 36. Kf3 g5 37. Rb5 Kf7 38. Ke4 Kf6 39. Rb6+ Re6 40. Rb5 b6 41. d4 exd4+ 42. Kd3 Bb7 43. Bxd4+ Kf7 44. Rxb6 Rxb6 45. Bxb6 Bxg2 46. c5 Bxh3 47. c6 Ke7 48. c7 Kd7 49. Ke2 g4 50. Kf2 h5 51. Ba5 f3 52. Bb6 Bg2 53. Kg3 Bh3 54. Kh4 Kc8 55. Kxh5 g3 56. Kh4 f2 57. Kxg3 f1Q 58. Ba5 Qg2+ 59. Kf4 Qg4+ 60. Ke5 Qf5+ 61. Kd4 Qxa5 62. Ke4 Kxc7 63. Kd4 Qf5 64. Kc4 Qe5 65. Kd3 Qf4 66. Kc3 Qe4 67. Kb3 Qd4 68. Kc2 Be6 69. Kc1 Qf2 70. Kb1 Bb3 71. Kc1 Qc2# 0-1

[Event "GER-chT North U12"]
[Site "Magdeburg"]
[Date "2014.09.13"]
[Round "6.1"]
[White "Suckert, Jannis"]
[Black "Buller, Ian Joshua"]
[Result "1-0"]
[WhiteElo "1046"]
[BlackElo "1330"]
[PlyCount "55"]
[EventDate "2014.09.11"]
[EventType "team-swiss"]
[EventRounds "7"]
[EventCountry "GER"]
[SourceTitle "EXT 2016"]
[Source "ChessBase"]
[SourceDate "2015.10.08"]
[SourceVersion "1"]
[SourceVersionDate "2015.10.08"]
[SourceQuality "1"]
[WhiteTeam "Gross Schoenebeck"]
[BlackTeam "Ruedersdorf"]
[WhiteTeamCountry "GER"]
[BlackTeamCountry "GER"]

1. e4 c5 2. Nf3 d6 3. Nc3 Nc6 4. Be2 Nf6 5. d4 cxd4 6. Nxd4 a6 7. Nxc6 bxc6 8. Be3 g6 9. Qd2 Bg7 10. 0-0-0 0-0 11. h4 Bd7 12. Rdg1 h5 13. f3 Qb8 14. Bh6 Qb7 15. Bxg7 Kxg7 16. g4 Rab8 17. b3 Rh8 18. gxh5 Nxh5 19. f4 f5 20. Bxh5 Rxh5 21. Qg2 Rh6 22. h5 Rbh8 23. Qg5 Kf8 24. hxg6 Rxh1 25. g7+ Kf7 26. Qg6+ Kg8 27. gxh8Q+ Kxh8 28. Qg7# 1-0

[Event "Magdeburg op-B"]
[Site "Magdeburg"]
[Date "2014.06.11"]
[Round "6"]
[White "Meinschien, Nick"]
[Black "Buller, Ian Joshua"]
[Result "0-1"]
[WhiteElo "996"]
[BlackElo "1244"]
[PlyCount "102"]
[EventDate "2014.06.08"]
[EventType "swiss"]
[EventRounds "9"]
[EventCountry "GER"]
[SourceTitle "CBM 160 Extra"]
[Source "ChessBase"]
[SourceDate "2014.07.01"]
[SourceVersion "1"]
[SourceVersionDate "2014.07.01"]
[SourceQuality "1"]

1. e4 c5 2. Nf3 d6 3. Bc4 g6 4. Nc3 Bg7 5. d3 Nf6 6. Bg5 0-0 7. 0-0 Nc6 8. Rb1 a6 9. Re1 h6 10. Bxf6 Bxf6 11. Ne2 Bg7 12. Nh4 e6 13. Nf3 d5 14. Bb3 b5 15. a3 c4 16. dxc4 dxc4 17. Qxd8 Rxd8 18. Ba2 Bb7 19. Ng3 Nd4 20. Nxd4 Rxd4 21. c3 Rd2 22. h3 Bxc3 23. bxc3 Rxa2 24. Ra1 Rxa1 25. Rxa1 Rd8 26. e5 Rd2 27. a4 b4 28. cxb4 c3 29. Rc1 c2 30. Nf1 Re2 31. f3 Bd5 32. b5 axb5 33. axb5 Bb3 34. b6 Rxe5 35. Kf2 Rb5 36. Nd2 Ba4 37. Nc4 Rb4 38. Na3 Rxb6 39. Nxc2 Rb2 40. Kg3 Rxc2 41. Re1 g5 42. Re4 Bc6 43. Re5 Bd5 44. Re3 f5 45. h4 f4+ 46. Kg4 fxe3 47. hxg5 hxg5 48. Kh5 e2 49. f4 e1Q 50. Kg4 Rxg2+ 51. Kh3 Qh1# 0-1

[Event "Magdeburg op-B"]
[Site "Magdeburg"]
[Date "2014.06.09"]
[Round "3"]
[White "Buller, Ian Joshua"]
[Black "Hostmann, Hannes"]
[Result "1-0"]
[WhiteElo "1244"]
[BlackElo "1081"]
[PlyCount "75"]
[EventDate "2014.06.08"]
[EventType "swiss"]
[EventRounds "9"]
[EventCountry "GER"]
[SourceTitle "CBM 160 Extra"]
[Source "ChessBase"]
[SourceDate "2014.07.01"]
[SourceVersion "1"]
[SourceVersionDate "2014.07.01"]
[SourceQuality "1"]

1. e4 e5 2. Nf3 Nc6 3. d4 exd4 4. Nxd4 Bc5 5. Be3 d6 6. Nxc6 bxc6 7. Bxc5 dxc5 8. Qxd8+ Kxd8 9. Bc4 Ke7 10. 0-0 Nf6 11. Nc3 Re8 12. Rac1 Kf8 13. Rfe1 Be6 14. Bb3 Bxb3 15. cxb3 Re5 16. f3 Rb8 17. Ne2 Ke7 18. Nf4 Nd7 19. Nd3 Rg5 20. e5 Rb5 21. f4 Rh5 22. Rc3 Ke8 23. Rec1 f6 24. e6 Nf8 25. Nxc5 Rhxc5 26. Rxc5 Rxc5 27. Rxc5 Nxe6 28. Rxc6 Kd7 29. Rc4 g6 30. g4 f5 31. gxf5 gxf5 32. Ra4 h6 33. Kg2 Kc8 34. Kg3 Kb7 35. b4 Kb6 36. b5 Nc5 37. Ra3 Ne4+ 38. Kh4 1-0